Todos os times que já disputaram a Copa do Brasil - Statistics

Estatísticas Gerais
  • Esse quiz foi jogado 480 vezes
    219 desde o último reset
  • A pontuação média é 190 de 410
Estatísticas das Respostas
UF Edições Ultima participação Time % Correto
PB 19 2026 Botafogo
99%
RJ 32 2026 Botafogo
99%
SP 6 2024 Botafogo
99%
PI 11 2014 Flamengo
99%
RJ 29 2026 Flamengo
99%
PR 30 2026 Athlético
98%
AC 7 2021 Atlético
98%
GO 20 2026 Atlético
98%
MG 36 2026 Atlético
98%
RR 8 2010 Atlético
98%
AL 4 2010 Corinthians
98%
SP 30 2026 Corinthians
98%
RN 3 2011 Corinthians Caicó
98%
PR 4 2014 Malutrom / J. Malucelli / Corinthians
98%
SP 26 2026 São Paulo
98%
CE 2 2019 Uniclinic / Atlético
98%
AC 3 2026 Vasco
98%
RJ 34 2026 Vasco
98%
BA 35 2026 Bahia
96%
BA 5 2023 Bahia de Feira
96%
PR 32 2026 Coritiba
96%
PI 4 2026 Fluminense
96%
RJ 29 2026 Fluminense
96%
BA 3 2018 Fluminense de Feira
96%
GO 33 2026 Goiás
96%
RS 32 2026 Grêmio
96%
SP 31 2026 Palmeiras
96%
AP 8 2020 Santos
96%
SP 23 2026 Santos
96%
AM 1 2010 América
95%
MG 28 2026 América
95%
RJ 3 2007 América
95%
RN 29 2026 América
95%
CE 32 2026 Ceará
95%
CE 28 2026 Fortaleza
95%
BA 37 2026 Vitória
95%
ES 5 2023 Vitória
95%
MG 29 2026 Cruzeiro
94%
MT 3 2002 Juventude
94%
RS 25 2026 Juventude
94%
MA 1 2021 Juventude Samas
94%
PE 31 2026 Sport
94%
DF 1 2008 Esportivo Guará
93%
DF 2 1999 Guará
93%
RS 31 2026 Internacional
93%
GO 21 2026 Vila Nova
93%
MG 7 2024 Villa Nova
93%
PA 29 2026 Paysandu
92%
DF 18 2023 Brasiliense
90%
SP 19 2026 Guarani
90%
CE 2 2017 Guarani de Juazeiro
90%
RS 1 2003 Guarani VA
90%
PA 35 2026 Remo
90%
SC 19 2026 Avaí
89%
PR 16 2026 Londrina
89%
PE 28 2025 Náutico
89%
RR 2 2016 Náutico
89%
SP 22 2026 Ponte Preta
89%
PB 2 1997 Santa Cruz
89%
PE 29 2026 Santa Cruz
89%
RN 2 2025 Santa Cruz
89%
RS 1 2021 Santa Cruz
89%
SC 14 2026 Chapecoense
88%
AL 23 2026 CRB
88%
SC 25 2025 Criciúma
88%
AL 23 2026 CSA
88%
PR 25 2022 Paraná
87%
RJ 4 2026 Portuguesa
87%
SP 19 2026 Portuguesa
87%
MT 17 2026 Cuiabá
86%
RJ 1 2014 Duque de Caxias
86%
SC 22 2026 Figueirense
86%
AC 23 2007 Rio Branco
86%
ES 8 2026 Rio Branco
86%
PR 1 2007 Rio Branco
86%
ES 2 2025 Rio Branco VN
86%
RN 27 2026 ABC
84%
DF 16 2026 Gama
84%
MS 14 2026 Operário
84%
MT 3 2007 Operário
84%
PR 9 2026 Operário
84%
MT 9 2026 Operário VG
84%
MG 4 2026 Athletic Club
82%
SP 15 2026 Bragantino / Red Bull Bragantino
82%
RS 17 2026 Caxias
82%
RJ 11 2026 Volta Redonda
82%
AM 3 2026 Amazonas
81%
SC 12 2026 Joinville
81%
MA 29 2025 Sampaio Corrêa
81%
RJ 1 2026 Sampaio Corrêa
81%
RJ 5 2020 Bangu
78%
PA 3 2026 Bragantino
78%
SP 6 2018 São Caetano
78%
AL 21 2026 ASA
77%
SP 7 2020 Santo André
77%
AP 4 2010 São José
76%
RS 5 2025 São José
76%
SP 1 1990 São José
76%
MG 8 2020 Ituiutaba / Boa Esporte
75%
AM 8 2026 Manaus
75%
SP 3 2026 Mirassol
75%
SE 21 2025 Sergipe
75%
SP 6 2024 Ituano
72%
MA 16 2024 Moto Club
72%
CE 11 2025 Ferroviário
71%
RS 7 2023 Brasil de Pelotas
70%
AC 3 2010 Juventus
70%
SP 1 2008 Juventus
70%
SP 3 2012 Paulista
70%
BA 1 2026 Porto
70%
PE 1 1999 Porto
70%
PB 15 2024 Treze
70%
SP 5 2022 Ferroviária
69%
RJ 10 2026 Boavista
67%
TO 8 2021 Palmas
67%
AP 8 2021 Ypiranga
67%
RS 9 2026 Ypiranga
67%
MG 7 2013 Ipatinga
66%
AM 20 2026 Nacional
66%
PB 2 2009 Nacional de Patos
66%
PA 8 2026 Tuna Luso
66%
PB 14 2023 Campinense
65%
SP 5 2026 Novorizontino
65%
PI 13 2024 River
65%
SP 5 2026 São Bernardo
65%
SE 17 2026 Confiança
64%
RJ 6 2026 Nova Iguaçu
64%
MG 4 2026 Uberlândia
64%
MT 9 2021 Luverdense
63%
MA 12 2026 Maranhão
63%
RS 4 2020 Novo Hamburgo
63%
AM 9 2022 São Raimundo
63%
PA 3 2019 São Raimundo
63%
RR 13 2025 São Raimundo
63%
DF 4 2016 Brasília
61%
SC 10 2025 Brusque
61%
GO 2 2001 Goiânia
61%
PB 8 2026 Sousa
61%
RJ 7 2026 Madureira
60%
RJ 1 2024 Audax
59%
SP 1 2017 Audax
59%
RN 5 2022 Globo
59%
CE 5 2022 Icasa
59%
BA 5 2026 Juazeirense
59%
MG 9 2026 Tombense
59%
PA 6 2026 Águia de Máraba
58%
AP 9 2026 Trem
58%
PE 5 2026 Retrô
57%
DF 9 2026 Ceilândia
55%
SP 5 2022 Oeste
55%
RS 1 2003 Pelotas
55%
PI 7 2026 Altos
54%
MS 9 2017 Comercial
54%
PI 2 2012 Comercial
54%
PR 1 2007 Galo Maringá
54%
PR 5 2026 Maringá
54%
MT 9 2026 Mixto
54%
RO 1 2025 Barcelona
53%
BA 1 2025 Barcelona de Ilhéus
53%
AL 1 2025 CSE
53%
GO 3 2020 Goianésia
53%
ES 6 2019 Serra
53%
SP 1 2024 Água Santa
52%
SC 1 2026 Barra
52%
RS 2 2026 Guarany de Bagé
52%
CE 2 2021 Guarany de Sobral
52%
GO 3 2026 Anápolis
51%
CE 1 2018 Floresta
51%
RO 5 2026 Gazin Porto Velho
51%
SP 2 2025 Inter de Limeira
51%
BA 4 2026 Jacuipense
49%
PI 3 2026 Piaui
49%
TO 7 2026 Tocantinópolis
49%
GO 5 2025 Aparecidense
48%
GO 2 2013 CRAC
48%
MA 6 2026 Imperatriz
48%
SC 2 2024 Marcílio Dias
48%
MG 2 2011 Uberaba
48%
SP 3 2014 Grêmio Prudente / Grêmio Barueri
47%
RR 1 2012 Real
47%
SP 1 2017 São Bento
47%
MG 6 2019 Tupi
47%
SP 2 2020 XV de Piracicaba
47%
GO 4 2015 Anapolina
46%
MG 8 2023 Caldense
46%
AP 2 1998 Amapá
45%
SP 3 2013 Noroeste
45%
TO 1 2009 Tocantins FC
45%
ES 10 2026 Desportiva Ferroviária
43%
AP 3 2026 Independente
43%
PA 5 2020 Independente
43%
SE 12 2026 Itabaiana
43%
AL 7 2024 Murici
43%
AM 5 2023 Princesa do Solimões
43%
PE 7 2022 Salgueiro
43%
PR 4 2025 FC Cascavel
42%
SP 2 2023 Marília
42%
RJ 9 2019 Americano
41%
RJ 2 2017 Friburguense
41%
CE 3 2014 Horizonte
41%
PI 5 2021 Picos
41%
SC 2 2019 Tubarão
41%
PE 3 2019 Central
40%
PR 6 2026 Cianorte
40%
AL 7 2024 Coruripe
40%
AM 8 2020 Fast Clube
40%
RS 5 2026 São Luiz
40%
RJ 2 2015 Cabofriense
39%
AC 5 2026 Galvez
39%
RJ 2 2025 Olaria
39%
MG 2 2025 Pouso Alegre
39%
MG 7 2022 URT
39%
PI 6 2021 4 de Julho
37%
PR 1 2019 Foz do Iguaçu
37%
SP 1 2009 Guaratinguetá
37%
SE 3 2022 Lagarto
37%
RN 4 2014 Potiguar Mossoró
37%
RJ 4 2023 Resende
37%
RR 6 2026 Baré
36%
RO 6 2015 Vilhena
36%
BA 5 2018 Vitória da Conquista
36%
RN 1 2015 Alecrim
35%
GO 1 2009 Itumbiara
35%
BA 2 2014 Juazeiro
35%
RJ 1 2022 Maricá
35%
AC 1 2023 São Francisco
35%
PA 2 2025 São Francisco
35%
PE 1 2020 Afogados
34%
PR 2 2026 Azuriz
34%
SC 1 2023 Camboriú
34%
MG 4 2023 Democrata GV
34%
CE 2 2024 Iguatu
34%
BA 1 2024 Itabuna
34%
AM 2 2026 Manauara
34%
CE 2 2026 Maracanã
34%
PE 1 2024 Petrolina
34%
MT 1 2026 Primavera
34%
SP 1 2026 Primavera
34%
DF 2 2019 Sobradinho
34%
DF 1 1994 Tiradentes
34%
MG 1 2026 Betim Futebol
33%
RR 3 2026 GAS
33%
AC 5 2026 Independência
33%
AM 6 2004 Rio Negro
33%
MT 5 2019 Sinop
33%
SP 1 2026 Velo Clube
33%
RS 1 2019 Avenida
31%
RN 3 2008 Baraúnas
31%
PA 4 2026 Castanhal
31%
GO 1 1993 Goiatuba
31%
AC 4 2025 Humaitá
31%
MT 1 2013 Rondonópolis
31%
BA 1 2025 Jequié
30%
SP 1 2016 Linense
30%
MT 11 2025 União Rondonópolis
30%
BA 5 2026 Atlético Alagoinhas
29%
MS 2 2019 Corumbaense
29%
ES 4 1999 EC Linhares
29%
GO 1 2022 Grêmio Anápolis
29%
RO 11 2026 Ji-Paraná
29%
ES 1 2008 Linhares FC
29%
MS 4 2014 Naviraiense
29%
PA 1 2013 Cametá
28%
DF 2 2026 Capital
28%
TO 2 2026 Capital
28%
RO 1 2016 Genus
28%
TO 4 2017 Gurupi
28%
AC 1 2014 Plácido de Castro
28%
ES 2 2012 São Mateus
28%
PB 3 2012 Auto Esporte
27%
SP 1 2015 Capivariano
27%
MA 2 2023 Cordino
27%
PI 9 2025 Parnahyba
27%
AM 3 2021 Penarol
27%
AL 1 2026 Penedense
27%
MS 2 2020 Aquidauanense
25%
BA 1 2007 Colo Colo
25%
PR 1 2020 Toledo
25%
SC 1 1989 Blumenau
24%
BA 1 1999 Camaçari
24%
CE 2 2023 Caucaia
24%
SC 1 2025 Concórdia
24%
DF 3 2017 Luziânia
24%
ES 6 2024 Real Noroeste
24%
MS 2 2024 Costa Rica
23%
DF 4 2024 Dom Pedro II / Dom Pedro Bandeirante / Real Brasília
23%
MS 1 2025 Dourados
23%
RO 3 2023 Real Ariquemes
23%
MA 2 2023 Tuntum
23%
RS 1 2018 Aimoré
22%
MT 1 2010 Araguaia
22%
MA 2 2026 IAPE
22%
SC 1 2016 Inter de Lages
22%
ES 2 2024 Nova Venécia
22%
PR 2 2008 Paranavaí
22%
SP 2 2024 Portuguesa Santista
22%
RN 1 2010 Potyguar Seridoense
22%
SC 1 2026 Santa Catarina
22%
RS 2 2013 Veranópolis
22%
TO 3 2026 Araguaína
20%
BA 1 1999 Catuense
20%
MS 4 2026 Ivinhema
20%
AP 3 2026 Oratório
20%
PR 1 2017 PSTC
20%
AL 1 2014 Santa Rita
20%
DF 4 1994 Taguatinga
20%
ES 1 1991 AA Colatina
19%
MS 5 2021 Águia Negra
19%
MS 9 2015 CENE
19%
ES 1 2004 CTE Colatina
19%
RS 2 2021 Esportivo
19%
ES 3 2015 Estrela do Norte
19%
RO 1 1994 SE Ariquemes
19%
RJ 1 2010 Tigres do Brasil
19%
SP 1 2004 União Barbarense
19%
AC 1 2007 ADESG
18%
PI 1 1996 Cori-Sabba
18%
MT 3 2018 Dom Bosco
18%
SE 1 2020 Freipaulistano
18%
TO 5 2018 Interporto
18%
PE 1 2026 Maguary
18%
PA 1 2014 Paragominas
18%
CE 1 2026 Tirol
18%
CE 2 2020 Barbalha
17%
AL 1 1990 Capelense
17%
AP 3 2009 Cristal
17%
RN 1 2026 Laguna
17%
SP 2 2025 Votuporanguense
17%
RS 2 2006 15 de Novembro
16%
RN 1 2010 ASSU
16%
RS 1 2010 Cerâmica
16%
MA 1 2010 JV Lideral
16%
RS 3 2016 Lajeadense
16%
MS 1 2009 Misto
16%
BA 1 2000 Poções
16%
ES 1 2018 Atlético Itapemirim
14%
SE 2 2026 Falcon
14%
MS 1 2026 Pantanal
14%
PR 1 1989 Pinheiros
14%
RO 1 2000 Pinheiros
14%
SP 1 2016 Red Bull Brasil
14%
RO 1 2017 Rondoniense
14%
RS 3 2008 Ulbra Canoas
14%
RO 2 2008 Ulbra Ji-Paraná
14%
PA 1 2007 Ananindeua
13%
ES 1 2013 Aracruz
13%
PR 1 2013 Arapongas
13%
AM 1 2009 Holanda
13%
PR 3 2011 Iraty
13%
SE 2 2001 Lagartense
13%
PR 1 2004 Prudentópolis EC
13%
SE 2 2012 River Plate
13%
RN 1 2004 São Gonçalo
13%
PB 2 2004 Atlético Cajazeirense
12%
SE 1 2016 Estanciano
12%
RS 1 2022 Glória
12%
ES 1 2026 Porto Vitória
12%
ES 1 2007 Vilavelhense
12%
RO 1 2020 Vilhenense
12%
SP 1 2009 Atlético Sorocaba
11%
ES 1 2001 Cachoeiro
11%
ES 1 2008 Jaguaré
11%
TO 3 1997 Kaburé
11%
RR 1 2026 Monte Roraima
11%
MT 2 2023 Nova Mutum
11%
RS 1 2004 São Gabriel
11%
PB 1 2026 Serra Branca
11%
MT 2 1994 Sorriso
11%
MS 3 2007 Chapadão
10%
RO 1 2026 Guaporé
10%
MA 1 2012 Santa Quitéria
10%
MS 1 2017 7 de Dourados
8%
AM 2 2006 Atlético Coariense
8%
PI 4 2011 Barras
8%
DF 2 2005 CFZ
8%
MS 1 2007 Coxim
8%
GO 1 2020 Jaraguá
8%
PR 1 2008 Roma
8%
SE 3 2011 São Domingos
8%
MT 1 2006 Vila Aurora
8%
MT 2 2007 Barra do Garças
7%
RO 1 2003 CFA
7%
TO 1 2006 Colinas
7%
RO 1 2012 Espigão
7%
GO 1 2006 Mineiros
7%
PA 1 2016 Paraupebas
7%
AM 1 1993 Sul América
7%
SC 2 2006 Atlético Ibirama
6%
MT 1 2008 Cacerense
6%
PI 1 1991 Caiçara
6%
RO 1 2001 Guajará
6%
MS 1 1995 Pontaporanense
6%
GO 1 2011 Santa Helena
6%
SP 1 2010 Votoraty
6%
MS 3 2000 Ubiratan
5%
RO 2 2005 União Cacoalense
5%
TO 1 1998 Alvorada
4%
GO 1 2004 Novo Horizonte
4%
SE 1 2007 Pirambu
4%
PR 2 1993 União Bandeirante
4%
RO 1 1995 Palmares
2%
RS 1 2012 Sapucaiense
2%
ES 2 2003 Alegrense
1%
ES 1 1989 Ibiraçu
1%
ES 1 1992 Muniz Freire
1%
MS 1 2018 Novoperário
1%
SE 1 2015 Amadense
0%
SE 2 2026 América Propiá
0%
MT 1 2008 Grêmio Jacira
0%
TO 2 2025 União Araguaianense
0%
Nenhum quiz correspondente encontrado
Distribuição das Pontuações
Porcentagem de Pessoas com Cada Pontuação
Percentil de Números Respondidos
Sua Pontuação Histórica
Você não jogou esse quiz desde o último reset